01001nam a22001697a 4500008004100000020001500041050001600056100001700072245008200089250001200171260003900183300003100222500002000253505051600273650002300789700001900812120831t xxu||||| |||| 00| 0 eng d a0782129463 aQA76.3.D684 aDonald, Lisa aMCSE: windows 2000 professional study guide. /cLisa Donald and James Chellis a2nd ed. aSan Francisco:bSYBEX Inc.cc2001. alix, 850 p.:bill.;c24cm. aIncludes index. aContents: Getting started with windows 2000 professional -- Automating the windows 2000 installation -- Upgrading to windows 2000 professional -- Configuring the windows 2000 environment -- Managing the desktop -- Managing users -- Managing groups -- Using user profiles and hardware profiles -- Managing disks -- Accessing files and folders -- Managing network connections -- Managing printing -- Dial-up networking and internet connectivity -- Optimizing windowss 2000 -- Performing system recovery functions. bComputer sciecnce. aChellis, James